=LDR 00000nam 2200000 4500 =001 INLIS000000000022927 =005 20130612121631 =008 ***********************************Ind** =035 ##$$0010-061300000022927 =041 ##$$a Ind =082 ##$$a 641.502 =090 ##$$a 641.502, Pur-a =245 ##$$a Aneka resep masakan =650 ##$$a Masakan - aneka ragam =850 ##$$a NBPNMAT